000 00442nam a2200169 a 4500
001 13258
003 CO-ViMGA
008 141112s2004 ck r 000 u spa d
040 _aCO-ViMGA
_bspa
_cCO-ViMGA
082 0 4 _aBr 861 F377m
100 1 _aFerreira , Izacyl Guimaraes
_919439
245 1 0 _aMemoria da guerra
260 _aSao Paulo :
_bEditora Scortecci,
_c1991
300 _a61
650 1 4 _aPOESIA BRASILEÑA
_919440
942 _2ddc
_cBK
999 _c24006
_d24006